00000000nam##2200000za#4500
0019.664655
003CaOODSP
00520210615121744
007ta
008150407|2003||||xxc|||||     f|0| 0 eng|d
020 |a0-662-67359-X
040 |aCaOODSP|beng
041 |aeng
041 |afre
043 |an-cn---
0861 |aT22-120/2003
1101 |aCanada. |bTransport Canada.
24514|aThe Canada Marine Act - beyond tomorrow : |breport of the Review Panel to the Minister of Transport
2461 |aCanada Marine Act review
260 |aOttawa - Ontario : |bTransport Canada |c2003.
300 |aEnglish text, 67p. : |bgraph, tables ; |c28 cm.
5203 |aThis final report presents the Review Panel’s analysis of 140 written briefs and 75 presentations on the implementation issues of the Act. Besides putting forward general recommendations that the Act incorporate a preamble and a mandatory review every five years, the report presents recommendations concerning the Canada Port Authorities, the St. Lawrence Seaway, public ports, pilotage, and ferries. The report also details other stakeholders’ observations that are important to the objectives of the National Marine Policy.
563 |aSoftcover
590 |a06-23|b2006-06-09
69007|aPolicy review|2gcpds
69007|aWater transport|2gcpds
7760#|tLa Loi maritime du Canada - vers l'avenir : |w(CaOODSP)9.632915
7760#|tThe Canada Marine Act - beyond tomorrow : |w(CaOODSP)9.688490
792 |tLa Loi maritime du Canada - vers l'avenir : |efre|w(CaOODSP)9.664656
986 |aTP14107B (06/2003)